| 000 | 01023cam a2200289 4500 | ||
|---|---|---|---|
| 001 | J12487 | ||
| 008 | 040112n2003 000 0 eng u | ||
| 035 | _a(Sirsi) u124827 | ||
| 041 | _aeng | ||
| 050 |
_a333.332 _c18 |
||
| 100 | _aLand, Howard | ||
| 245 |
_aGuide to the Red Book _h[sound recording] |
||
| 260 |
_aLondon _bRICS _c2003 |
||
| 300 | _a1 audio CD (ca. 60 min.) | ||
| 350 | _a15 | ||
| 490 | _aRICS Soundtrack | ||
| 520 | _aGuide to fifth edition of the "RICS appraisal and valuation standards" or Red Book (ISBN 1842191233), covering its new structure and content. The Red Book standards cover the valuation of land, buildings and plant and machinery and are mandatory for chartered surveyors | ||
| 650 | _aASSET VALUATION | ||
| 650 | _aVALUATION REPORTS | ||
| 650 | _aRICS appraisal and valuation standards | ||
| 690 | _aPROPERTY-PROPERTY APPRAISAL AND VALUATION | ||
| 700 | _aCherry, Andrew | ||
| 700 | _aThorne, Chris | ||
| 700 | _aHall, Barry | ||
| 700 | _aLand, Howard | ||
| 942 | _n0 | ||
| 999 |
_c103287 _d103287 |
||